Derecho de familia (Registro nro. 8586)

Detalles MARC
000 -CABECERA
Longitud fija campo de control 00685cam a22001931 4500
003 - IDENTIFICADOR DELl NÚMERO DE CONTROL
Identificador del número de control OSt
005 - FECHA Y HORA DE LA ÚLTIMA TRANSACCIÓN
Fecha y hora de la última transacción 20140922140406.0
008 - CÓDIGOS DE INFORMACIÓN DE LONGITUD FIJA
Códigos de información de longitud fija 851024s1946 cl 000 0 spa
040 ## - FUENTE DE LA CATALOGACIÓN
Centro transcriptor BMC
082 ## - NÚMERO DE LA CLASIFICACIÓN DECIMAL DEWEY
Númeroo de clasificación 346.01583
100 1# - PUNTO DE ACCESO PRINCIPAL-NOMBRE DE PERSONA
Nombre de persona Somarriva Undurraga, Manuel
Fechas asociadas al nombre 1905-
9 (RLIN) 5326
245 10 - MENCIÓN DE TÍTULO
Título Derecho de familia
Mención de responsabilidad, etc. Manuel Somarriva Undurraga
260 ## - PUBLICACIÓN, DISTRIBUCIÓN, ETC. (PIE DE IMPRENTA)
Lugar de publicación, distribución, etc. Santiago
Nombre del editor, distribuidor, etc. Nascimento
Fecha de publicación, distribución, etc. 1946
300 ## - DESCRIPCIÓN FÍSICA
Extensión 663 p.
Dimensiones 24 cm
500 ## - NOTA GENERAL
Nota general En la cub.: Curso de derecho civil
505 0# - NOTA DE CONTENIDO CON FORMATO
Nota de contenido con formato Contiene: El matrimonio ; Los regímenes matrimoniales ; La filiación ; El estado civil ; El derecho de alimentos ; Las tutelas y curadurías
650 24 - PUNTO DE ACCESO ADICIONAL DE MATERIA - TÉRMINO DE MATERIA
Término de materia o nombre geográfico como elemento inicial Derecho de familia
Subdivisión geográfica Chile
9 (RLIN) 16345
942 ## - ENTRADA DE ELEMENTOS AGREGADOS (KOHA)
Fuente de clasificaión o esquema Dewey Decimal Classification
Koha [por defecto] tipo de item 1- Monografias
Parte de clasificación ahoj
Existencias
Suprimido Perdido Fuente de clasificación o esquema Estropeado Restricciones de uso No para préstamo Código de colección Localización permanente Localización actual Localización en estanter&íacute;as Fecha adquisición Fuente de adquisición Número de inventario Préstamos totales Signatura completa Código de barras Fecha última consulta Fecha último préstamo Coste, precio reemplazado Fecha del precio de reemplazo Tipo de item de Koha
NULL NULL Dewey Decimal Classification NULL Prestable NULL NULL Biblioteca Miguel de Cervantes - UNICAES Biblioteca Miguel de Cervantes - UNICAES Sala Principal 31/03/2014 Donación - Ana Vilma de Escobar 013960 7 346.015 SOM der 1013960 22/05/2026 22/05/2026 30.00 31/03/2014 1- Monografias